000 00558nam a2200193 a 4500
001 3289
005 20140414131924.0
008 060215s19uu xx 00 eng d
020 _a0-602-25325-X
050 _aER
_bT59 1993
100 _aAndrew, Moira
245 _aTom looks for a home /
_cstory by Moira Andrew ; pictures by Kate Oliver.
260 _aLondon :
_bReed Educational and Professional,
_c1993.
300 _a16 p. : ill. ; cm.
440 _aLittle Books
650 _aTortoise
_xFiction.
650 _aAnimals
_xFiction.
999 _c111911
_d111911